Guess the Coin! North America Edition - Statistics

General Stats
  • This quiz has been taken 46 times
  • The average score is 13 of 17
Answer Stats
Picture Answer % Correct
Canada
100%
Panama
100%
United States
100%
Jamaica
95%
Belize
93%
Dominican Republic
90%
Mexico
85%
Haiti
78%
Cuba
75%
Eastern Caribbean States
73%
Costa Rica
68%
Guatemala
68%
Honduras
68%
Bahamas
60%
Nicaragua
60%
Barbados
58%
Trinidad and Tobago
48%
No matching quizzes found
Score Distribution
Percent of People with Each Score
Percentile by Number Answered
Your Score History
You have not taken this quiz